Nuevo PCGE : (Registro nro. 21700)

Detalles MARC
000 -Cabecera
Campo de control interno 00874nam a2200241Ia 4500
005 - Fecha y hora del registro
control field 20260407102341.0
008 - Elementos de Longitud Fija
fixed length control field 260320s9999||||xx |||||||||||||| ||und||
020 ## - ISBN
ISBN 9786123226176
041 ## - Idioma
Codigo Idioma ESP
082 ## - DEWEY y NOTACIÓN INTERNA
Dewey 657.61
Notación Interna E88
100 ## - AUTOR
Autor denominación Espinoza Torres, Cristina,
Término de relación autor
245 #0 - TÍTULO DE MATERIAL BIBLIOGRÁFICO
Título Nuevo PCGE :
Título paralelo concordado y anotado con las NIIF, las normas tributarias y societarias
250 ## - EDICIÓN
Edición Primera edición
260 ## - CIUDAD, EDITORIAL, AÑO
Ciudad Lima :
Nombre de la Editorial Instituto Pacífico
Año 2025
300 ## - DESCRIPCIÓN
N° Páginas 703 páginas :
Otros detalles cuadros ;
Dimensiones 25 cm.
650 ## - TEMAS
Temas Ciencias Sociales
653 ## - DESCRIPTORES
Lenguajes no controlado Contabilidad; Contabilidad pública; Normas tributarias y societarias
654 ## - PROGRAMAS
Programa Dpto. de Contabilidad
700 ## - OTROS AUTORES
Otros autores Corilloclla De La Cruz, Henry,
Títulos y otras palabras asociadas con el nombre autor
856 ## - URL - UBICACIÓN
URI/URL: Enlace exacto del recurso <a href="https://login.ucsp.lookproxy.com/login?url=https://legal.legis.com.pe/home/Corporativo">https://login.ucsp.lookproxy.com/login?url=https://legal.legis.com.pe/home/Corporativo</a>
Nota pública: Versión digital <a href="Véase además: Base de datos Multilegis">Véase además: Base de datos Multilegis</a>
942 ## - ELEMENTOS DE KOHA
Tipo de documento Libro
Nombre del creador Justo Noguera
Código de catalogador Tania Ramirez
Esquema de clasificación Dewey Decimal Classification
Existencias
Codigo completo Registro Colección Copia número Disponibilidad Tipo de préstamo Biblioteca Actual Procedencia (Biblioteca) Ubicacón Fecha Ingreso Tipo de Adquisición Date last seen Total checkouts Price effective from Tipo de Item Estado del Material Fuente de Clasificación Damaged status Withdrawn status
657.61 E88 1085247 Universidad Católica San Pablo 1 Disponible Disponible Víctor Andrés Belaunde Víctor Andrés Belaunde Primer piso 07/04/2026 Suscripción 07/04/2026   07/04/2026 Libro Bueno Dewey Decimal Classification